000 00835nam a2200217Ia 4500
003 Ost
005 20260507075024.0
008 260507s9999||||xx |||||||||||||| ||und||
040 _cfsecg
041 _aara
082 _a330
100 _aأبو قحف، عبد السلام
_eمؤلف
245 0 _aهندسة الإعلان /
_c عبد السلام أبو قحف
260 _aالإسكندرية:
_bدار الجامعة الجديدة,
_c2005
300 _a349 صفحة؛
_bإيضاحات ؛
_c24 سم
520 _aمقدمات أساسيات في الإعلان- الجوانب الفنية وأسس العلمية بناء مهارات في وكالات ومنشآت الإعلان- وكالات الإعلان
653 _aالإعلان
653 _aالتسويق
653 _aالدعاية
942 _cكتاب
999 _c42313
_d42313